Từ điển chuyên đề Anh - Việt - Pháp

Đã lưu trong:
Sonraí Bibleagrafaíochta
Príomhúdar: Nguyễn Kim Thản
Údair Eile: Nguyễn Văn Tu (tác giả)
Formáid: Leabhar
Teanga:Vietnamese
Foilsithe: H. Giáo dục 1997
Ábhair:
Clibeanna: Cuir Clib Leis
Gan Chlibeanna, Bí ar an gcéad duine leis an taifead seo a chlibeáil!
Thư viện lưu trữ: Mạng thư viện Đại học Đà Nẵng
LEADER 01038nam a2200325 4500
001 000015015
003 11386
005 20120518080515.0
008 120518s1997 viesd
041 0 |a vie 
082 |a 423  |b NG-T 
100 0 |a Nguyễn Kim Thản 
245 0 |a Từ điển chuyên đề Anh - Việt - Pháp  |c Nguyễn Kim Thản, Nguyễn Văn Tu 
260 |a H.  |b Giáo dục  |c 1997 
300 |a 520tr.  |c 19 cm 
653 |a tiếng Anh 
653 |a tiếng Pháp 
653 |a tiếng Việt 
653 |a từ điển 
700 |a Nguyễn Văn Tu  |e tác giả 
OWN |a LSP 
AVA |a UDN50  |b LSP  |d 423 NG-T  |e available  |t Error 5001 Not defined in file expand_doc_bib_avail.  |f 1  |g 0  |h N  |i 0  |k 1 
999 |a From the UDN01 
AVA |a UDN50  |b LSP  |d 423 NG-T  |e available  |t Error 5001 Not defined in file expand_doc_bib_avail.  |f 1  |g 0  |h N  |i 0  |k 1 
TYP |a Monograph 
TYP |a Printed language 
980 |a Mạng thư viện Đại học Đà Nẵng